[Event "AUTO-ADV-1557"]
[Site "http://www.queenalice.com/game.php?id=690890"]
[Date "2009.11.30"]
[Round "1"]
[White "Sandersoncxi"]
[Black "joaoreis001"]
[Result "0-1"]
[WhiteElo "1506"]
[BlackElo "1768"]

1. d4 d5 2. c4 Nf6 3. Nc3 b6 4. Qc2 g6 5. Bg5 Bf5 6. Qd2 Ng4 7. f3 Nf6 8. Bxf6
exf6 9. cxd5 Bd6 10. e4 Bd7 11. Bd3 c5 12. dxc6 Nxc6 13. Nge2 O-O 14. a3 Bc7 15.
O-O a6 16. b4 Be6 17. d5 Ne5 18. f4 Nxd3 19. Qxd3 Bd7 20. Rac1 Qe7 21. Ng3 a5
22. Na2 Qe8 0-1

[Event "AUTO-ADV-1557"]
[Site "http://www.queenalice.com/game.php?id=690891"]
[Date "2009.11.30"]
[Round "1"]
[White "joaoreis001"]
[Black "Sandersoncxi"]
[Result "0-1"]
[WhiteElo "1727"]
[BlackElo "1709"]

1. e4 c5 2. Bc4 d6 3. Nf3 Nc6 4. Ng5 e6 5. Nc3 Qxg5 6. g3 Nf6 7. d4 Qg6 8. Nb5
Qxe4+ 9. Kd2 Nxd4 10. Nc7+ Kd8 11. Re1 Nf3+ 12. Kc3 Nxe1 13. Nxa8 d5 14. Bd3
Qb4# 0-1

[Event "AUTO-ADV-1557"]
[Site "http://www.queenalice.com/game.php?id=690892"]
[Date "2009.11.30"]
[Round "1"]
[White "Sandersoncxi"]
[Black "faresjo"]
[Result "0-1"]
[WhiteElo "1597"]
[BlackElo "1998"]

1. e4 c5 2. Nf3 d6 3. d4 cxd4 4. Nxd4 Nf6 5. Nc3 g6 6. Be2 Bg7 7. Be3 O-O 8. Qd2
Nc6 9. f4 Ng4 10. O-O-O Nxe3 11. Nxc6 bxc6 12. Qxe3 Qa5 13. g4 Bd7 14. f5 Rab8
15. Bc4 Rb4 16. Bb3 c5 0-1

[Event "AUTO-ADV-1557"]
[Site "http://www.queenalice.com/game.php?id=690893"]
[Date "2009.11.30"]
[Round "1"]
[White "faresjo"]
[Black "Sandersoncxi"]
[Result "1-0"]
[WhiteElo "1998"]
[BlackElo "1597"]

1. e4 c5 2. Nf3 Nc6 3. d4 cxd4 4. Nxd4 Nf6 5. Nc3 e5 6. Ndb5 d6 7. Bg5 a6 8. Na3
h6 9. Be3 Be6 10. f3 Qc7 11. Be2 b5 12. Nd5 Bxd5 13. exd5 Ne7 14. O-O Nexd5 15.
Bf2 Be7 16. c3 O-O 17. Nc2 1-0

[Event "Challenge"]
[Site "http://www.queenalice.com/game.php?id=695577"]
[Date "2009.12.9"]
[Round "-"]
[White "Sandersoncxi"]
[Black "Tutankamon1"]
[Result "0-1"]
[WhiteElo "1597"]
[BlackElo "1684"]

1. e4 e5 2. Nf3 d6 3. d4 exd4 4. Qxd4 Nc6 5. Bb5 Bd7 6. Bxc6 Bxc6 7. Nc3 Nf6 8.
O-O Be7 9. Be3 a6 10. Rad1 O-O 11. Nd5 Nxd5 12. exd5 Bd7 13. c4 Bf6 14. Qd2 Bg4
15. Kh1 Bxf3 0-1

[Event "AUTO-INT-1543"]
[Site "http://www.queenalice.com/game.php?id=695609"]
[Date "2009.12.10"]
[Round "1"]
[White "Chazam"]
[Black "Sandersoncxi"]
[Result "1-0"]
[WhiteElo "1698"]
[BlackElo "1513"]

1. a3 d5 2. g3 e5 3. Bg2 Nf6 4. e3 c5 5. c3 Nc6 6. g4 Bxg4 7. f3 Bf5 8. Ne2 Be7
9. Ng3 Qd7 10. Nxf5 Qxf5 11. d3 O-O 12. e4 Qg6 13. Qe2 Rad8 14. exd5 Nxd5 15. c4
Nc7 16. Bf1 Nd4 17. Qe4 b6 18. Qxg6 fxg6 19. Kd1 Nxf3 20. Be2 e4 21. Bxf3 Rxd3+
22. Nd2 exf3 23. Kc2 Rd6 24. Ne4 Rd4 25. Nd2 1-0

[Event "AUTO-INT-1543"]
[Site "http://www.queenalice.com/game.php?id=695610"]
[Date "2009.12.10"]
[Round "1"]
[White "Sandersoncxi"]
[Black "Chazam"]
[Result "0-1"]
[WhiteElo "1522"]
[BlackElo "1689"]

1. d4 e6 2. e4 c5 3. Nf3 cxd4 4. Nxd4 Qa5+ 5. Nc3 Nf6 6. Be2 Nxe4 7. Nb3 Qf5 8.
Nxe4 Qxe4 9. O-O b6 10. Bf3 Qe5 11. Re1 Qc7 12. Bxa8 Bd6 13. h3 Bh2+ 14. Kh1 Bd6
15. Be3 Na6 16. a3 Nc5 17. Bxc5 bxc5 18. Be4 O-O 19. Qh5 g6 20. Qh6 Bb7 21. Rad1
Bxe4 22. Rxe4 Be7 23. h4 d5 24. Rg4 c4 25. Nd4 Bf6 26. h5 Bg7 0-1

[Event "AUTO-INT-1543"]
[Site "http://www.queenalice.com/game.php?id=695625"]
[Date "2009.12.10"]
[Round "1"]
[White "Sandersoncxi"]
[Black "corneteiro"]
[Result "1-0"]
[WhiteElo "1504"]
[BlackElo "1200"]

1. e4 e5 2. Nf3 Nf6 3. Nxe5 Qe7 4. Nf3 Nxe4 5. Qe2 d5 6. d3 Nf6 7. Qxe7+ Bxe7 8.
Nc3 Bb4 9. Bd2 Nc6 10. O-O-O O-O 11. Be2 Nd4 12. Nxd4 1-0

[Event "AUTO-INT-1543"]
[Site "http://www.queenalice.com/game.php?id=695626"]
[Date "2009.12.10"]
[Round "1"]
[White "corneteiro"]
[Black "Sandersoncxi"]
[Result "0-1"]
[WhiteElo "1196"]
[BlackElo "1508"]

1. e4 c5 2. Nc3 d6 3. Nf3 g6 4. Bc4 Nc6 5. Ng5 Ne5 6. Bd5 Bg7 7. f4 e6 8. fxe5
Qxg5 9. Bc4 Qxe5 10. O-O Nf6 11. d3 O-O 12. Bf4 Qd4+ 0-1

[Event "AUTO-INT-1543"]
[Site "http://www.queenalice.com/game.php?id=695627"]
[Date "2009.12.10"]
[Round "1"]
[White "Sandersoncxi"]
[Black "sphagnis"]
[Result "0-1"]
[WhiteElo "1584"]
[BlackElo "1646"]

1. d4 d5 2. c4 Nf6 3. Nc3 dxc4 4. e4 e5 5. Nf3 exd4 6. Qxd4 Nc6 7. Qxd8+ Nxd8 8.
Bxc4 Be6 9. Bxe6 Nxe6 10. Be3 Bc5 11. Bxc5 Nxc5 12. e5 Nd3+ 13. Ke2 Nxb2 14.
exf6 gxf6 15. Rab1 Nc4 16. Rxb7 Rd8 17. Rxc7 Nd6 18. Re1 O-O 19. Kf1 Rc8 20.
Ree7 Nf5 21. Red7 Nd6 22. Nd5 Rxc7 23. Rxc7 Nb5 24. Rb7 Nd6 25. Rxa7 Nc4 26.
Nxf6+ Kg7 27. Nd7 Re8 28. Nc5 Nb6 29. a4 Kf6 30. a5 Nc8 31. Rc7 h5 32. a6 Rd8
33. a7 Nxa7 34. Rxa7 Rd1+ 35. Ke2 Rc1 36. Ne4+ Kg7 37. Nfd2 Rh1 38. h3 h4 39.
Nf3 Kg6 40. Ned2 f6 41. Nf1 Kf5 42. Ra1 Kf4 43. Re1 f5 44. Ne3 Rxe1+ 45. Nxe1
Kg5 46. Nf3+ Kf4 47. Nxh4 Kg5 48. g3 f4 0-1

[Event "AUTO-INT-1543"]
[Site "http://www.queenalice.com/game.php?id=695628"]
[Date "2009.12.10"]
[Round "1"]
[White "sphagnis"]
[Black "Sandersoncxi"]
[Result "1-0"]
[WhiteElo "1615"]
[BlackElo "1617"]

1. e4 e5 2. Bc4 Nf6 3. d3 Bc5 4. Bg5 d6 5. Nc3 Bxf2+ 6. Kxf2 Ng4+ 7. Ke1 Qxg5 8.
Nf3 Qe3+ 9. Qe2 Qxe2+ 10. Kxe2 O-O 11. Ng5 h6 12. h3 Nf6 13. Nf3 Nbd7 14. d4
exd4 15. Nxd4 Nc5 16. Ke3 Re8 17. Rae1 Ncxe4 18. Nxe4 Rxe4+ 19. Kd3 d5 20. Bxd5
Rxe1 21. Rxe1 Nxd5 22. Re8+ Kh7 23. Kc4 Nb6+ 24. Kc5 Bd7 25. Re7 f6 26. g4 Re8
27. Rxe8 Bxe8 28. Ne6 c6 29. c4 Bf7 30. Nd8 Bxc4 31. b3 Bf1 32. h4 Bh3 33. Nxb7
Bxg4 34. Nd6 Bf3 35. a4 Bd5 36. a5 Nd7+ 37. Kb4 g5 38. Nf5 a6 39. hxg5 fxg5 40.
Kc3 Ne5 41. b4 h5 42. Kd4 Nf3+ 43. Kc5 Be4 44. b5 axb5 45. a6 Bxf5 46. a7 Be4
47. a8=Q Bd5 48. Qf8 Kg6 49. Qe8+ Kh6 50. Qh8+ Kg6 51. Qf8 1-0

[Event "trush"]
[Site "http://www.queenalice.com/game.php?id=696052"]
[Date "2009.12.10"]
[Round "1"]
[White "vli"]
[Black "Sandersoncxi"]
[Result "0-1"]
[WhiteElo "1236"]
[BlackElo "1517"]

1. e4 c5 2. Nc3 Nc6 3. Nf3 d6 4. Bb5 Bd7 5. d3 e6 6. Bxc6 Bxc6 7. O-O Nf6 8. Bg5
Be7 9. Re1 h6 10. Bxf6 Bxf6 11. e5 Bxf3 12. Qxf3 Bxe5 13. Qxb7 O-O 14. Rad1 Qh4
15. g3 Qg5 16. Kh1 Bxc3 17. bxc3 d5 18. d4 cxd4 19. cxd4 Qf5 20. Qc7 Qxf2 21.
Rf1 Qe3 22. Qb7 Qe4+ 23. Kg1 Qxc2 24. a3 Qc8 0-1

[Event "Let's Play Chess!"]
[Site "http://www.queenalice.com/game.php?id=699279"]
[Date "2009.12.17"]
[Round "-"]
[White "BobySponja"]
[Black "Sandersoncxi"]
[Result "1-0"]
[WhiteElo "1733"]
[BlackElo "1744"]

1. e4 c5 2. Nf3 d6 3. d3 Nc6 4. Nc3 Nf6 5. Bg5 e6 6. Be2 Be7 7. a3 O-O 8. d4
cxd4 9. Nxd4 h6 10. Nxc6 bxc6 11. Bh4 e5 12. O-O Qc7 13. Bd3 Be6 14. Rb1 Rfd8
15. f4 Bg4 16. Be2 Bxe2 17. Qxe2 exf4 18. Bxf6 Bxf6 19. Rxf4 Be5 20. Rh4 Rab8
21. Qg4 Kh7 22. Qf5+ g6 23. Qh3 h5 24. g4 Bf6 25. g5 Bxg5 26. Rxh5+ gxh5 27.
Qxh5+ Bh6 28. Rf1 Rg8+ 29. Kh1 Rg7 30. Qf5+ Kh8 31. Rf3 Rbg8 32. Qf6 Bg5 33.
Rh3+ 1-0

[Event "AUTO-ADV-1577"]
[Site "http://www.queenalice.com/game.php?id=699653"]
[Date "2009.12.18"]
[Round "1"]
[White "niclep"]
[Black "Sandersoncxi"]
[Result "1-0"]
[WhiteElo "1944"]
[BlackElo "1663"]

1. e4 e5 2. Nf3 Nc6 3. Bb5 a6 4. Bxc6 dxc6 5. Nxe5 Qd4 6. Nf3 Qxe4+ 7. Qe2 Qxe2+
8. Kxe2 Nf6 9. h3 Bf5 10. d3 O-O-O 11. Re1 Bc5 12. Kf1 h6 13. b3 g5 14. Bb2 Rd6
15. d4 Bb6 16. c4 Ba5 17. Re3 Ne4 18. c5 Rd5 19. a3 Rhd8 20. b4 Nxc5 21. dxc5
Rd1+ 22. Re1 Bd3+ 23. Kg1 Be2 24. Nc3 Rxe1+ 25. Nxe1 1-0

[Event "AUTO-ADV-1577"]
[Site "http://www.queenalice.com/game.php?id=699654"]
[Date "2009.12.18"]
[Round "1"]
[White "Sandersoncxi"]
[Black "niclep"]
[Result "0-1"]
[WhiteElo "1656"]
[BlackElo "1949"]

1. e4 e5 2. Nf3 Nc6 3. Bb5 Nge7 4. c3 a6 5. Ba4 b5 6. Bc2 Ng6 7. O-O Bb7 8. d3
Be7 9. Nbd2 d6 10. Re1 Bf6 11. Nf1 O-O 12. Ng3 Bh4 13. Nxh4 Nxh4 14. Qg4 Bc8 15.
Nf5 Ng6 16. Bg5 f6 17. Bd2 Be6 18. Bb3 Bxb3 19. axb3 Rf7 20. h4 Nce7 21. h5 Nf8
0-1

[Event "Challenge"]
[Site "http://www.queenalice.com/game.php?id=701775"]
[Date "2009.12.22"]
[Round "-"]
[White "Sandersoncxi"]
[Black "BobySponja"]
[Result "0-1"]
[WhiteElo "1632"]
[BlackElo "1726"]

1. d4 d5 2. c4 dxc4 3. Nc3 e6 4. e4 Bb4 5. Bxc4 Bxc3+ 6. bxc3 Nc6 7. Nf3 Bd7 8.
O-O Nf6 9. Bg5 h6 10. Bxf6 Qxf6 11. e5 Qg6 12. Bd3 f5 13. exf6 Qxf6 14. Re1
O-O-O 15. Ne5 Rhf8 0-1

[Event "Challenge"]
[Site "http://www.queenalice.com/game.php?id=701776"]
[Date "2009.12.22"]
[Round "-"]
[White "Sandersoncxi"]
[Black "BobySponja"]
[Result "0-1"]
[WhiteElo "1650"]
[BlackElo "1712"]

1. d4 d5 2. c4 dxc4 3. Nc3 e6 4. e4 Bb4 5. Bxc4 Bxc3+ 6. bxc3 Nc6 7. Nf3 Nf6 8.
O-O Bd7 9. Bg5 h6 10. Bxf6 gxf6 11. d5 Ne5 12. Nxe5 fxe5 13. Qh5 Qe7 0-1